Cars, Cars and more Cars - Statistics

General Stats
  • This quiz has been taken 88 times
  • The average score is 14 of 15
Answer Stats
Picture Answer % Correct
Toyota
100%
Bentley
97%
Mazda
97%
Bugatti
96%
Ferrari
96%
Ford
96%
Honda
96%
Jaguar
96%
McLaren
96%
Mercedes
95%
Audi
94%
Renault
91%
Alfa Romeo
84%
Skoda
81%
Lexus
73%
No matching quizzes found
Score Distribution
Percent of People with Each Score
Percentile by Number Answered
Your Score History
You have not taken this quiz